[Event "Paracin op-A 17th"]
[Site "Paracin"]
[Date "2024.07.04"]
[Round "2"]
[White "Slugin, Yaroslav"]
[Black "Harsh, Suresh"]
[Result "0-1"]
[WhiteElo "2103"]
[BlackElo "2414"]
[PlyCount "72"]
[EventDate "2024.07.03"]
[EventType "swiss"]
[EventRounds "9"]
[EventCountry "SRB"]
[SourceTitle "CBM 221 Extra"]
[Source "ChessBase"]
[SourceDate "2024.09.30"]
[SourceVersion "1"]
[SourceVersionDate "2024.09.30"]
[SourceQuality "1"]

1. d4 d5 2. Nf3 Nf6 3. g3 Bg4 4. Ne5 Bf5 5. Bg2 e6 6. c4 c6 7. Qb3 Qb6 8. c5 Qa6 9. Nc3 b6 10. cxb6 axb6 11. 0-0 Be7 12. Bg5 h6 13. Bxf6 gxf6 14. Nf3 Bh7 15. Rfe1 f5 16. a4 Nd7 17. Rec1 0-0 18. Bf1 Qa5 19. e3 Rfc8 20. Qd1 Qb4 21. Ne1 Bf6 22. Nd3 Qe7 23. f4 Bg7 24. b4 c5 25. bxc5 bxc5 26. Nb5 c4 27. Ne5 Nxe5 28. fxe5 f6 29. exf6 Bxf6 30. Qf3 Bg6 31. h4 Kh7 32. Ra2 Rg8 33. Kh2 Be8 34. Rb1 Qg7 35. Qf2 Be7 36. Nc7 Bd6 0-1

[Event "Chigorin Memorial 28th"]
[Site "St Petersburg"]
[Date "2021.10.25"]
[Round "3"]
[White "Slugin, Yaroslav"]
[Black "Tolstykh, Ivan"]
[Result "1-0"]
[WhiteElo "2129"]
[BlackElo "1853"]
[PlyCount "111"]
[EventDate "2021.10.23"]
[EventType "swiss"]
[EventRounds "9"]
[EventCountry "RUS"]
[SourceTitle "EXT 2023"]
[Source "ChessBase"]
[SourceDate "2022.10.05"]
[SourceVersion "1"]
[SourceVersionDate "2022.10.05"]
[SourceQuality "1"]

1. c4 e5 2. Nc3 Nf6 3. g3 Bb4 4. Bg2 0-0 5. Nf3 d6 6. Qb3 Bxc3 7. Qxc3 Nc6 8. d3 h6 9. 0-0 Bd7 10. b4 Qc8 11. Rd1 Bh3 12. Bh1 Qf5 13. b5 Ne7 14. Nh4 Qc8 15. a4 Ng6 16. Nxg6 fxg6 17. Bd2 Qf5 18. Bxb7 Rab8 19. Bg2 e4 20. Be3 Qh5 21. Qd4 Bxg2 22. Kxg2 Qxe2 23. dxe4 Ng4 24. Bf4 Ne5 25. Bxe5 dxe5 26. Qe3 Qxc4 27. Rdc1 Qf7 28. Qxa7 Rb6 29. Rc2 Qf3+ 30. Kg1 Rd6 31. Rf1 Rd1 32. Rc1 Rxf1+ 33. Rxf1 Qxe4 34. Qxc7 Qxa4 35. b6 Qa6 36. Rc1 Kh7 37. b7 Qa7 38. Qc5 Qxc5 39. Rxc5 Rb8 40. Rc7 g5 41. g4 Kg6 42. Kg2 e4 43. f3 e3 44. Kf1 Kf6 45. Ke2 g6 46. Kxe3 Ke5 47. Kd3 h5 48. Kc4 Kf4 49. Rf7+ Ke3 50. gxh5 gxh5 51. Kd5 h4 52. Kc6 Kf2 53. Kc7 Rxb7+ 54. Kxb7 Kg2 55. Rg7 Kh3 56. Kc6 1-0

[Event "Moscow op-A 16th"]
[Site "Moscow"]
[Date "2020.02.01"]
[Round "8"]
[White "Hoghmrtsyan, Artur"]
[Black "Slugin, Yaroslav"]
[Result "1-0"]
[WhiteElo "2280"]
[BlackElo "2055"]
[PlyCount "119"]
[EventDate "2020.01.25"]
[EventType "swiss"]
[EventRounds "9"]
[EventCountry "RUS"]
[SourceTitle "CBM 194 Extra"]
[Source "ChessBase"]
[SourceDate "2020.03.31"]
[SourceVersion "1"]
[SourceVersionDate "2020.03.31"]
[SourceQuality "1"]

1. d4 Nf6 2. Nf3 e6 3. g3 b5 4. Bg2 d5 5. a4 b4 6. Nbd2 c5 7. dxc5 Bxc5 8. 0-0 Bb7 9. Nb3 Be7 10. a5 Qc8 11. Be3 Nbd7 12. Nfd4 Ba6 13. c3 bxc3 14. Rc1 Qb7 15. Rxc3 0-0 16. Nc6 Bd6 17. Bf4 Bxf4 18. gxf4 Nb8 19. Ncd4 Nbd7 20. Qd2 Rfc8 21. Rfc1 Kf8 22. e3 Rxc3 23. Qxc3 Ke8 24. Nd2 Rb8 25. b3 Qb4 26. Qxb4 Rxb4 27. Rc7 Bb7 28. Bf1 Kd8 29. Rc1 Ne4 30. Nxe4 dxe4 31. Bc4 Ba8 32. Bb5 e5 33. fxe5 Nxe5 34. Bc4 Ke7 35. Kg2 g6 36. Be2 Kd8 37. Rc5 Nd3 38. Bxd3 exd3+ 39. Kf1 Kd7 40. Ke1 Kd6 41. Rc3 Be4 42. f3 Bf5 43. Kd2 h5 44. Rc6+ Kd7 45. Ra6 Rb7 46. h4 Be6 47. Nxe6 fxe6 48. f4 Rxb3 49. Rxa7+ Kc6 50. a6 Kd5 51. Rd7+ Ke4 52. Rd4+ Kf3 53. Ra4 Rb8 54. Kxd3 Rd8+ 55. Rd4 Re8 56. a7 Kg4 57. Ke2 Kxh4 58. f5+ Kg3 59. fxe6 h4 60. e7 1-0

[Event "Chigorin Memorial 27th"]
[Site "St Petersburg"]
[Date "2019.10.11"]
[Round "7"]
[White "Trifonov, Pavel"]
[Black "Slugin, Yaroslav"]
[Result "1/2-1/2"]
[WhiteElo "2220"]
[BlackElo "2014"]
[PlyCount "126"]
[EventDate "2019.10.05"]
[EventType "swiss"]
[EventRounds "9"]
[EventCountry "RUS"]
[SourceTitle "EXT 2021"]
[Source "ChessBase"]
[SourceDate "2020.10.23"]
[SourceVersion "1"]
[SourceVersionDate "2020.10.23"]
[SourceQuality "1"]

1. d4 Nf6 2. c4 e6 3. Nf3 c5 4. d5 b5 5. a4 bxc4 6. Nc3 exd5 7. Nxd5 Bb7 8. e4 Be7 9. Bxc4 0-0 10. 0-0 Nc6 11. Bf4 Nxd5 12. exd5 Na5 13. Ba2 d6 14. Re1 Bf6 15. Qd3 g6 16. Rab1 Bc8 17. Nd2 Bf5 18. Ne4 Rb8 19. b3 Rb4 20. Bh6 Rxe4 21. Rxe4 Bxe4 22. Qxe4 Re8 23. Qf3 Bg5 24. Bxg5 Qxg5 25. Qc3 Nb7 26. b4 cxb4 27. Rxb4 Nc5 28. h4 Qe5 29. Qxe5 Rxe5 30. g3 Re1+ 31. Kg2 Ra1 32. Bc4 Rxa4 33. Rb8+ Kg7 34. Bf1 Rd4 35. Ra8 a6 36. Bxa6 Nxa6 37. Rxa6 Rxd5 38. Ra7 Kf6 39. Kf3 Re5 40. Ra6 Ke6 41. Kf4 h5 42. Ra7 Kf6 43. Ra6 Re6 44. Ra5 Re1 45. Kf3 Ke6 46. Kf4 Re5 47. Ra7 Re1 48. Rb7 Re2 49. Kf3 Ra2 50. Rb6 Ke5 51. Rb7 Ra3+ 52. Ke2 f6 53. Rg7 Kf5 54. Rd7 Ra6 55. Rd8 Ke6 56. Rg8 Ra5 57. Re8+ Kf5 58. Rd8 Re5+ 59. Kf3 Re6 60. Rd7 Ke5 61. Ke3 d5 62. f4+ Kf5+ 63. Kf3 Ra6 1/2-1/2

[Event "St Petersburg Korchnoi Memorial op"]
[Site "St Petersburg"]
[Date "2019.08.22"]
[Round "9"]
[White "Ageeva, Vasilisa"]
[Black "Slugin, Yaroslav"]
[Result "0-1"]
[WhiteElo "1774"]
[BlackElo "2011"]
[PlyCount "62"]
[EventDate "2019.08.14"]
[EventType "swiss"]
[EventRounds "9"]
[EventCountry "RUS"]
[SourceTitle "CBM 192"]
[Source "ChessBase"]
[SourceDate "2019.10.31"]
[SourceVersion "1"]
[SourceVersionDate "2019.10.31"]
[SourceQuality "1"]

1. Nc3 g6 2. e4 Bg7 3. Bc4 d6 4. f4 a6 5. Nf3 b5 6. Bb3 Bb7 7. d3 e6 8. 0-0 Ne7 9. f5 gxf5 10. exf5 Nxf5 11. Ng5 d5 12. Qh5 Bd4+ 13. Kh1 Qf6 14. Re1 Qg6 15. Qxg6 hxg6 16. Bf4 Bxc3 17. bxc3 c5 18. c4 bxc4 19. dxc4 d4 20. Ba4+ Bc6 21. Bxc6+ Nxc6 22. Ne4 e5 23. Nxc5 f6 24. Bd2 Nd6 25. Ne4 Nxe4 26. Rxe4 f5 27. Re2 Kd7 28. Bg5 Rab8 29. Bf6 Rhe8 30. Rae1 Re6 31. Bg7 Rg8 0-1

[Event "St Petersburg Korchnoi Memorial op"]
[Site "St Petersburg"]
[Date "2019.08.16"]
[Round "3"]
[White "Tsarkov, Mikhail"]
[Black "Slugin, Yaroslav"]
[Result "1/2-1/2"]
[WhiteElo "1779"]
[BlackElo "2011"]
[PlyCount "77"]
[EventDate "2019.08.14"]
[EventType "swiss"]
[EventRounds "9"]
[EventCountry "RUS"]
[SourceTitle "CBM 192"]
[Source "ChessBase"]
[SourceDate "2019.10.31"]
[SourceVersion "1"]
[SourceVersionDate "2019.10.31"]
[SourceQuality "1"]

1. d4 c5 2. d5 g6 3. e4 Bg7 4. Nf3 d6 5. Be2 a6 6. a4 e6 7. 0-0 Ne7 8. h3 h6 9. Nc3 0-0 10. Bf4 g5 11. Bh2 e5 12. Nd2 Ng6 13. Nc4 b6 14. Ra3 Qc7 15. Rb3 Nd7 16. Bg4 Rb8 17. Bf5 Ne7 18. g4 Rd8 19. Bg3 Nf8 20. h4 Bd7 21. Bxd7 Nxd7 22. h5 Nc8 23. Qe2 Nf6 24. Na3 Na7 25. f3 Qc8 26. Na2 b5 27. axb5 axb5 28. Nxb5 Nxb5 29. Rxb5 Rxb5 30. Qxb5 Qa8 31. Qc4 Rb8 32. b4 cxb4 33. Nxb4 Qa7+ 34. Bf2 Qa3 35. c3 Bf8 36. Nc6 Rb3 37. Be1 Nd7 38. Na5 Rb5 39. Nc6 1/2-1/2

[Event "Moscow op-A 15th"]
[Site "Moscow"]
[Date "2019.02.01"]
[Round "7"]
[White "Gitelson, Arkady"]
[Black "Slugin, Yaroslav"]
[Result "1-0"]
[WhiteElo "2236"]
[BlackElo "2095"]
[PlyCount "71"]
[EventDate "2019.01.26"]
[EventType "swiss"]
[EventRounds "9"]
[EventCountry "RUS"]
[SourceTitle "CBM 188 Extra"]
[Source "ChessBase"]
[SourceDate "2019.02.28"]
[SourceVersion "1"]
[SourceVersionDate "2019.02.28"]
[SourceQuality "1"]

1. Nf3 d5 2. g3 c6 3. Bg2 Bf5 4. 0-0 Nf6 5. d4 Nbd7 6. c4 e6 7. Nc3 Bd6 8. Qb3 Qb6 9. c5 Qxb3 10. axb3 Bc7 11. b4 Ne4 12. Nd2 Nxc3 13. bxc3 b5 14. cxb6 Bxb6 15. e4 Bg6 16. Bb2 0-0 17. c4 dxc4 18. Nxc4 Nf6 19. Rfe1 Rfd8 20. Rad1 Bc7 21. h3 Rab8 22. Bc3 h6 23. Ra1 Bb6 24. Ne5 Rbc8 25. Rac1 Kh7 26. Ba1 Rc7 27. Rxc6 Rxc6 28. Nxc6 Rc8 29. b5 Rc7 30. d5 exd5 31. exd5 Bd3 32. d6 Rd7 33. Ne5 Ba5 34. Nxd7 Bxe1 35. Nxf6+ gxf6 36. b6 1-0

[Event "Chigorin Memorial 26th"]
[Site "St Petersburg"]
[Date "2018.11.01"]
[Round "6"]
[White "Slugin, Yaroslav"]
[Black "Danielyan, Vahe"]
[Result "0-1"]
[WhiteElo "2009"]
[BlackElo "2256"]
[PlyCount "134"]
[EventDate "2018.10.27"]
[EventType "swiss"]
[EventRounds "9"]
[EventCountry "RUS"]
[SourceTitle "CBM 187 Extra"]
[Source "ChessBase"]
[SourceDate "2018.11.04"]
[SourceVersion "1"]
[SourceVersionDate "2018.11.04"]
[SourceQuality "1"]

1. d4 e6 2. Nf3 f5 3. Bg5 Be7 4. Bxe7 Qxe7 5. c3 Nf6 6. Nbd2 b6 7. e3 0-0 8. Bd3 Bb7 9. Qc2 d5 10. Ne5 Nbd7 11. Ndf3 c5 12. Qe2 c4 13. Bc2 b5 14. a3 Nxe5 15. Nxe5 Nd7 16. f4 Nxe5 17. fxe5 a5 18. 0-0 b4 19. Qd2 bxc3 20. bxc3 Bc6 21. Rfb1 Rab8 22. Qc1 h5 23. g3 h4 24. Kf2 Qg5 25. Rxb8 Rxb8 26. Rb1 Rxb1 27. Qxb1 hxg3+ 28. hxg3 Qh5 29. Qb6 Bd7 30. Qd8+ Be8 31. Ba4 Qh2+ 32. Kf1 Qh1+ 33. Ke2 Qg2+ 34. Kd1 Qf1+ 35. Kc2 Qg2+ 36. Kb1 Qg1+ 37. Kb2 Qg2+ 38. Bc2 Kf8 39. Qxa5 Qxg3 40. Qb4+ Kf7 41. a4 Qg5 42. a5 Qe7 43. Qb6 Qd7 44. Ka3 Qe7+ 45. Qb4 g5 46. Ba4 Bxa4 47. Kxa4 Qxb4+ 48. Kxb4 f4 49. exf4 gxf4 50. a6 f3 51. a7 f2 52. a8Q f1Q 53. Qb7+ Kg6 54. Qd7 Qf8+ 55. Kb5 Kf5 56. Kc6 Qa8+ 57. Qb7 Qxb7+ 58. Kxb7 Ke4 59. Kc6 Kd3 60. Kd6 Kxc3 61. Kxe6 Kxd4 62. Kf5 c3 63. e6 c2 64. e7 c1Q 65. e8Q Qc2+ 66. Kg5 Qg2+ 67. Kh5 Qf3+ 0-1

[Event "Chigorin Memorial 26th"]
[Site "St Petersburg"]
[Date "2018.10.30"]
[Round "4"]
[White "Slugin, Yaroslav"]
[Black "Archelkov, Arseniy"]
[Result "1-0"]
[WhiteElo "2009"]
[BlackElo "1657"]
[PlyCount "83"]
[EventDate "2018.10.27"]
[EventType "swiss"]
[EventRounds "9"]
[EventCountry "RUS"]
[SourceTitle "CBM 187 Extra"]
[Source "ChessBase"]
[SourceDate "2018.11.04"]
[SourceVersion "1"]
[SourceVersionDate "2018.11.04"]
[SourceQuality "1"]

1. d4 Nf6 2. Nf3 e6 3. Bg5 d5 4. e3 Nbd7 5. Bd3 Be7 6. Nbd2 b6 7. 0-0 Bb7 8. Ne5 Nxe5 9. dxe5 Nd7 10. Bxe7 Qxe7 11. f4 Qc5 12. Qe2 g5 13. Nb3 Qe7 14. Nd4 0-0-0 15. Ba6 Kb8 16. Bxb7 Kxb7 17. a4 c6 18. Ra3 a6 19. Nxc6 Kxc6 20. Qxa6 Ra8 21. Qb5+ Kc7 22. Rc3+ Kd8 23. a5 bxa5 24. Qb7 Rb8 25. Qa7 Ke8 26. Rc7 Rd8 27. Qxa5 gxf4 28. exf4 Rg8 29. Rf3 Qh4 30. g3 Qh3 31. Rb3 Rg6 32. Rxd7 Kxd7 33. Qa4+ Ke7 34. Qa3+ Ke8 35. Rb7 Rd7 36. Rb8+ Rd8 37. Qa4+ Ke7 38. Qb4+ Ke8 39. Qb5+ Ke7 40. Qc5+ Ke8 41. Qc6+ Ke7 42. Qc7+ 1-0

[Event "Chigorin Memorial 26th"]
[Site "St Petersburg"]
[Date "2018.10.29"]
[Round "3"]
[White "Pogorelskikh, Sergey"]
[Black "Slugin, Yaroslav"]
[Result "1-0"]
[WhiteElo "2224"]
[BlackElo "2009"]
[PlyCount "49"]
[EventDate "2018.10.27"]
[EventType "swiss"]
[EventRounds "9"]
[EventCountry "RUS"]
[SourceTitle "CBM 187 Extra"]
[Source "ChessBase"]
[SourceDate "2018.11.04"]
[SourceVersion "1"]
[SourceVersionDate "2018.11.04"]
[SourceQuality "1"]

1. e4 d5 2. exd5 Qxd5 3. Nc3 Qd6 4. d4 Nf6 5. Nf3 Bg4 6. h3 Bh5 7. g4 Bg6 8. Ne5 Nbd7 9. Nxg6 hxg6 10. Bg2 c6 11. d5 cxd5 12. Nxd5 0-0-0 13. Bf4 Ne5 14. Qe2 Nxd5 15. Bxe5 Qc5 16. 0-0-0 e6 17. Rd4 b5 18. Rhd1 Bd6 19. Bxd5 Bxe5 20. Qxe5 exd5 21. Rxd5 Rxd5 22. Rxd5 Qxf2 23. Rc5+ Kb7 24. Qd5+ Kb8 25. Qd6+ 1-0

[Event "St Petersburg Korchnoi Memorial op"]
[Site "St Petersburg"]
[Date "2018.08.23"]
[Round "9"]
[White "Razumovskiy, Mikhail"]
[Black "Slugin, Yaroslav"]
[Result "0-1"]
[WhiteElo "1910"]
[BlackElo "2103"]
[PlyCount "114"]
[EventDate "2018.08.15"]
[EventType "swiss"]
[EventRounds "9"]
[EventCountry "RUS"]
[SourceTitle "CBM 186 Extra"]
[Source "ChessBase"]
[SourceDate "2018.08.24"]
[SourceVersion "1"]
[SourceVersionDate "2018.08.24"]
[SourceQuality "1"]

1. d4 c5 2. d5 g6 3. c4 Bg7 4. Nc3 d6 5. Nf3 e6 6. g3 Ne7 7. Bg2 e5 8. e4 0-0 9. 0-0 h6 10. Ne1 g5 11. Nd3 Ng6 12. Rb1 a5 13. a3 f5 14. exf5 Bxf5 15. Ne4 Qc7 16. Be3 Nd7 17. b4 axb4 18. axb4 b6 19. Qb3 Rfb8 20. f3 Nf6 21. Ndf2 Ne7 22. Rb2 Nd7 23. Nc3 Nc8 24. Nb5 Qd8 25. Ne4 Nf6 26. Nbc3 Nd7 27. Rfb1 Qe7 28. Qc2 Qd8 29. Bf1 Na7 30. Bd3 Bxe4 31. Bxe4 Qc7 32. Bf5 cxb4 33. Ne4 b5 34. Rxb4 Kh8 35. Rc1 Nb6 36. Be6 Nxc4 37. Bf2 Rf8 38. Kg2 Qe7 39. Nd2 Qf6 40. Rb3 Nxd2 41. Qxd2 Nc8 42. Rc6 Rd8 43. Rc7 Ne7 44. Rxb5 Ra3 45. Rc3 Rxc3 46. Qxc3 Nf5 47. Rb7 Rf8 48. Qd3 Nd4 49. Bg4 Ra8 50. Bh5 Rf8 51. Be1 Nf5 52. Bb4 e4 53. Qxe4 Qb2+ 54. Kh3 Qf2 55. Rxg7 Qf1+ 56. Kg4 Nxg7 57. Bg6 Rf4+ 0-1

[Event "St Petersburg Korchnoi Memorial op"]
[Site "St Petersburg"]
[Date "2018.08.20"]
[Round "6"]
[White "Slugin, Yaroslav"]
[Black "Kuizhev, Adam"]
[Result "1/2-1/2"]
[WhiteElo "2103"]
[BlackElo "1867"]
[PlyCount "95"]
[EventDate "2018.08.15"]
[EventType "swiss"]
[EventRounds "9"]
[EventCountry "RUS"]
[SourceTitle "CBM 186 Extra"]
[Source "ChessBase"]
[SourceDate "2018.08.24"]
[SourceVersion "1"]
[SourceVersionDate "2018.08.24"]
[SourceQuality "1"]

1. d4 Nf6 2. Nf3 g6 3. Bg5 Bg7 4. Nbd2 0-0 5. c3 d6 6. e4 Nbd7 7. Bd3 e5 8. 0-0 Qe8 9. Re1 h6 10. dxe5 Nxe5 11. Nxe5 Qxe5 12. Bh4 Nh5 13. Nc4 Qc5 14. Ne3 Be6 15. Qf3 Qe5 16. g4 Qf4 17. Qg2 Nf6 18. h3 h5 19. Bg3 Qh6 20. f3 g5 21. Rf1 Nd7 22. f4 gxf4 23. Bxf4 Qg6 24. Nf5 Kh8 25. Nxg7 Qxg7 26. g5 Rg8 27. Qf3 Ne5 28. Qxh5+ Qh7 29. Bxe5+ dxe5 30. Qxh7+ Kxh7 31. h4 Kg6 32. Kg2 Rad8 33. Rf3 Kh5 34. Kg3 Bg4 35. Re3 f6 36. Bc4 Rgf8 37. Rf1 fxg5 38. Bf7+ Rxf7 39. Rxf7 gxh4+ 40. Kg2 h3+ 41. Kg3 Rd2 42. Rf2 Rd1 43. Rf8 Rd2 44. Rh8+ Kg5 45. Rg8+ Kh5 46. Rxg4 Rg2+ 47. Kxh3 Rxg4 48. b3 1/2-1/2

[Event "Chigorin Memorial 25th"]
[Site "St Petersburg"]
[Date "2017.10.21"]
[Round "1"]
[White "Slugin, Yaroslav"]
[Black "Vokhidov, Shamsiddin"]
[Result "0-1"]
[WhiteElo "1992"]
[BlackElo "2399"]
[PlyCount "88"]
[EventDate "2017.10.21"]
[EventType "swiss"]
[EventRounds "9"]
[EventCountry "RUS"]
[SourceTitle "CBM 181 Extra"]
[Source "ChessBase"]
[SourceDate "2017.12.12"]
[SourceVersion "1"]
[SourceVersionDate "2017.12.12"]
[SourceQuality "1"]

1. d4 d5 2. Nc3 Nf6 3. Bf4 e6 4. e3 a6 5. Bd3 b5 6. a3 c5 7. Nf3 Bb7 8. 0-0 Nbd7 9. h3 g6 10. Re1 Bg7 11. Ne5 0-0 12. Nxd7 Nxd7 13. Bd6 Re8 14. dxc5 Rc8 15. e4 Nxc5 16. Bxc5 Rxc5 17. exd5 Bxc3 18. bxc3 Qxd5 19. Bf1 Rxc3 20. Qxd5 Bxd5 21. a4 b4 22. Bxa6 Ra8 23. Bd3 b3 24. Re2 Rac8 25. Rd2 b2 26. Rb1 Rxd3 27. Rxd3 Rxc2 28. Rdd1 Ba2 29. Kh2 Bxb1 30. Rxb1 Rxf2 31. Kg3 Rc2 32. a5 Rc5 33. Rxb2 Rxa5 34. Kf4 Kg7 35. g4 h5 36. Kg3 Ra3+ 37. Kh4 Kh6 38. g5+ Kg7 39. Rb4 Rf3 40. Rb8 Rf5 41. Rc8 e5 42. Re8 Rf4+ 43. Kg3 h4+ 44. Kg2 Rf5 0-1

[Event "Dvorkovich Memorial op"]
[Site "Taganrog"]
[Date "2017.01.16"]
[Round "4"]
[White "Bashev, Fyodor"]
[Black "Slugin, Yaroslav"]
[Result "0-1"]
[WhiteElo "1628"]
[BlackElo "1972"]
[PlyCount "92"]
[EventDate "2017.01.13"]
[EventType "swiss"]
[EventRounds "9"]
[EventCountry "RUS"]
[SourceTitle "CBM 176 Extra"]
[Source "ChessBase"]
[SourceDate "2017.03.02"]
[SourceVersion "1"]
[SourceVersionDate "2017.03.02"]
[SourceQuality "1"]

1. e4 c5 2. Nf3 Nc6 3. d4 cxd4 4. Nxd4 Nf6 5. Nc3 e6 6. Ndb5 Bb4 7. a3 Bxc3+ 8. Nxc3 d5 9. exd5 exd5 10. Bd3 0-0 11. 0-0 d4 12. Ne2 Bg4 13. f3 Bh5 14. Bg5 Qd6 15. Qd2 Bg6 16. Bxg6 hxg6 17. Rad1 Rad8 18. c3 d3 19. Nc1 Ne5 20. Bf4 Qb6+ 21. Be3 Qb5 22. Bd4 Rfe8 23. Rfe1 Nc6 24. Bf2 Rxe1+ 25. Rxe1 Nd5 26. b3 Nxc3 27. Qxc3 d2 28. Rd1 dxc1Q 29. Rxc1 Rd3 30. Qe1 Qxb3 31. Rb1 Qd5 32. h3 Qd7 33. a4 b6 34. Rc1 Nd4 35. Qe4 Rd2 36. Re1 Ne6 37. a5 bxa5 38. Qa8+ Kh7 39. Bxa7 Nf4 40. Bf2 Rxf2 41. Kxf2 Qd2+ 42. Kg3 Nh5+ 43. Kh2 Qxe1 44. Qd5 Qg3+ 45. Kh1 Qxg2+ 46. Kxg2 Nf4+ 0-1

[Event "Dvorkovich Memorial op"]
[Site "Taganrog"]
[Date "2017.01.13"]
[Round "1"]
[White "Slugin, Yaroslav"]
[Black "Shagbazyan, Taron"]
[Result "0-1"]
[WhiteElo "1972"]
[BlackElo "2416"]
[PlyCount "38"]
[EventDate "2017.01.13"]
[EventType "swiss"]
[EventRounds "9"]
[EventCountry "RUS"]
[SourceTitle "CBM 176 Extra"]
[Source "ChessBase"]
[SourceDate "2017.03.02"]
[SourceVersion "1"]
[SourceVersionDate "2017.03.02"]
[SourceQuality "1"]

1. d4 d5 2. Nf3 Nf6 3. Bf4 c5 4. e3 Qb6 5. Qc1 Nc6 6. c3 Bf5 7. Nbd2 Rc8 8. Nb3 cxd4 9. exd4 Nb4 10. Kd1 Nxa2 11. Qd2 Ne4 12. Qe3 Qxb3+ 13. Ke1 Qxb2 14. Rxa2 Qb1+ 15. Qc1 Qxa2 16. Bb5+ Bd7 17. Bxd7+ Kxd7 18. Ne5+ Ke8 19. Rf1 Rxc3 0-1

[Event "Chigorin Memorial 24th"]
[Site "St Petersburg"]
[Date "2016.10.23"]
[Round "9"]
[White "Yun, Vyacheslav"]
[Black "Slugin, Yaroslav"]
[Result "1-0"]
[WhiteElo "1766"]
[BlackElo "2081"]
[PlyCount "105"]
[EventDate "2016.10.15"]
[EventType "swiss"]
[EventRounds "9"]
[EventCountry "RUS"]
[SourceTitle "CBM 175 Extra"]
[Source "ChessBase"]
[SourceDate "2016.12.12"]
[SourceVersion "1"]
[SourceVersionDate "2016.12.12"]
[SourceQuality "1"]

1. e4 c5 2. d4 cxd4 3. c3 dxc3 4. Nxc3 e6 5. Nf3 a6 6. Bc4 Ne7 7. 0-0 Ng6 8. Qe2 Be7 9. Be3 b5 10. Bb3 Bb7 11. Rfd1 d6 12. Rac1 Nd7 13. Qd2 h6 14. Nd4 Nc5 15. Bc2 0-0 16. b4 Nd7 17. f4 Rc8 18. f5 exf5 19. Nxf5 Nde5 20. Bb3 Nc4 21. Bxc4 Rxc4 22. Bxh6 Bf6 23. Nxd6 Rd4 24. Nxb7 Qb6 25. Be3 Rxd2 26. Bxb6 Bxc3 27. Rxd2 Bxd2 28. Rc7 Bf4 29. Rd7 Ne5 30. Rd8 Rxd8 31. Nxd8 Bd2 32. Ba5 Nc4 33. Nc6 Nd6 34. e5 Nc4 35. Bc7 Nb2 36. Nb8 Nd3 37. Nxa6 Nxb4 38. Nxb4 Bxb4 39. Kf2 Kf8 40. Kf3 Ke7 41. Ke4 Ke6 42. Kd4 Ba3 43. h4 Be7 44. h5 Kd7 45. Bd6 Bxd6 46. exd6 Kxd6 47. g4 f6 48. a3 Kc6 49. Ke4 Kd6 50. Kf5 Ke7 51. Kg6 Kf8 52. h6 gxh6 53. Kxf6 1-0

[Event "Chigorin Memorial 24th"]
[Site "St Petersburg"]
[Date "2016.10.20"]
[Round "6"]
[White "Slugin, Yaroslav"]
[Black "Srinath, Rao SV"]
[Result "0-1"]
[WhiteElo "2081"]
[BlackElo "2279"]
[PlyCount "44"]
[EventDate "2016.10.15"]
[EventType "swiss"]
[EventRounds "9"]
[EventCountry "RUS"]
[SourceTitle "CBM 175 Extra"]
[Source "ChessBase"]
[SourceDate "2016.12.12"]
[SourceVersion "1"]
[SourceVersionDate "2016.12.12"]
[SourceQuality "1"]

1. d4 Nf6 2. Nf3 g6 3. Bg5 Bg7 4. Nbd2 0-0 5. e4 d5 6. e5 Ne4 7. Bh4 c5 8. c3 Nc6 9. Be2 Qb6 10. Qb3 Nxd2 11. Kxd2 cxd4 12. cxd4 Nxd4 13. Qxb6 Nxf3+ 14. Bxf3 axb6 15. Bxe7 Re8 16. Bd6 Bf5 17. Rhe1 Rac8 18. Bd1 Bh6+ 19. Ke2 d4 20. Ba4 d3+ 21. Kd1 d2 22. Rg1 Bd3 0-1